000 00782nam a2200229Ia 4500
003 GCL
008 140319s9999 xx 000 0 ara d
040 _aGCL /
_cGCL
082 0 4 _a361.8
_bم ت
100 1 _aمحمد عبدالفتاح محمد
245 1 0 _aتنمية المجتمعات المحلية من منظور الخدمة الاجتماعية /
_cمحمد عبدالفتاح محمد
260 _a[S.N] :
_bالمكتب الجامعى الحديث ،
_c1991
300 _a255
490 _a
650 0 4 _aالمجتمع
650 0 4 _aالخدمة الاجتماعية
650 0 4 _aالاجتماع
650 0 4 _aالتغير الاجتماعى
650 0 4 _aالتطور الاجتماعى
650 0 4 _aالتكيف الاجتماعى
942 _2ddc
_cBK
999 _c55398
_d55398